Assessing the strategy relevance of delta requirements: a bottom-up feature generation approach
Saved in:
| Main Authors: | , |
|---|---|
| Format: | Chapter/Article Conference Paper |
| Language: | English |
| Published: |
2013
|
| In: |
19th International Working Conference on Requirements Engineering
Year: 2013, Pages: 93-98 |
| Subjects: | |
| Online Access: | Verlag, kostenfrei, Volltext: http://www.icb.uni-due.de/fileadmin/ICB/research/research_reports/ICB-Report-No56.pdf |
| Author Notes: | Gabriele Zorn-Pauli; Barbara Paech |
MARC
| LEADER | 00000caa a22000002c 4500 | ||
|---|---|---|---|
| 001 | 1502846721 | ||
| 003 | DE-627 | ||
| 005 | 20220811233654.0 | ||
| 007 | cr uuu---uuuuu | ||
| 008 | 150513s2013 xx |||||o 00| ||eng c | ||
| 035 | |a (DE-627)1502846721 | ||
| 035 | |a (DE-576)432846727 | ||
| 035 | |a (DE-599)BSZ432846727 | ||
| 035 | |a (OCoLC)1340691778 | ||
| 040 | |a DE-627 |b ger |c DE-627 |e rakwb | ||
| 041 | |a eng | ||
| 084 | |a 28 |2 sdnb | ||
| 100 | 1 | |a Zorn-Pauli, Gabriele |0 (DE-588)1070611980 |0 (DE-627)824111834 |0 (DE-576)431630046 |4 aut | |
| 245 | 1 | 0 | |a Assessing the strategy relevance of delta requirements |b a bottom-up feature generation approach |c Gabriele Zorn-Pauli; Barbara Paech |
| 264 | 1 | |c 2013 | |
| 300 | |a 6 | ||
| 336 | |a Text |b txt |2 rdacontent | ||
| 337 | |a Computermedien |b c |2 rdamedia | ||
| 338 | |a Online-Ressource |b cr |2 rdacarrier | ||
| 500 | |a Gesehen am 13.05.2015 | ||
| 655 | 7 | |a Konferenzschrift |0 (DE-588)1071861417 |0 (DE-627)826484824 |0 (DE-576)433375485 |2 gnd-content | |
| 700 | 1 | |a Paech, Barbara |d 1959- |0 (DE-588)172299799 |0 (DE-627)697208648 |0 (DE-576)133166821 |4 aut | |
| 773 | 0 | 8 | |i In |t 19th International Working Conference on Requirements Engineering |d Essen : ICB, 2013 |g (2013), Seite 93-98 |h Online-Ressource (284 S.) |w (DE-627)1656875934 |w (DE-576)432846603 |7 nnam |a Assessing the strategy relevance of delta requirements a bottom-up feature generation approach |
| 773 | 1 | 8 | |g year:2013 |g pages:93-98 |g extent:6 |a Assessing the strategy relevance of delta requirements a bottom-up feature generation approach |
| 856 | 4 | 0 | |u http://www.icb.uni-due.de/fileadmin/ICB/research/research_reports/ICB-Report-No56.pdf |q application/pdf |x Verlag |z kostenfrei |3 Volltext |
| 951 | |a AR | ||
| 992 | |a 20150513 | ||
| 993 | |a ConferencePaper | ||
| 994 | |a 2013 | ||
| 998 | |g 172299799 |a Paech, Barbara |m 172299799:Paech, Barbara |d 110000 |d 110300 |e 110000PP172299799 |e 110300PP172299799 |k 0/110000/ |k 1/110000/110300/ |p 2 |y j | ||
| 998 | |g 1070611980 |a Zorn-Pauli, Gabriele |m 1070611980:Zorn-Pauli, Gabriele |d 110000 |d 110300 |e 110000PZ1070611980 |e 110300PZ1070611980 |k 0/110000/ |k 1/110000/110300/ |p 1 |x j | ||
| 999 | |a KXP-PPN1502846721 |e 2844430872 | ||
| BIB | |a Y | ||
| JSO | |a {"origin":[{"dateIssuedDisp":"2013","dateIssuedKey":"2013"}],"relHost":[{"title":[{"title_sort":"19th International Working Conference on Requirements Engineering","title":"19th International Working Conference on Requirements Engineering","subtitle":"Foundation for Software Quality (REFSQ 2013), proceedings of the REFSQ 2013 Workshops CreaRE, IWSPM, and RePriCo, the REFSQ 2013 Empirical Track (Empirical Live Experiment and Empirical Research Fair), the REFSQ 2013 Doctoral Symposium, and the REFSQ 2013 Poster Session"}],"origin":[{"publisherPlace":"Essen","dateIssuedDisp":"2013","publisher":"ICB","dateIssuedKey":"2013"}],"type":{"bibl":"edited-book","media":"Online-Ressource"},"name":{"displayForm":["Richard Berntsson Svensson ... (eds.)"]},"id":{"eki":["1656875934"]},"person":[{"role":"edt","family":"Svensson","given":"Richard Berntsson","display":"Svensson, Richard Berntsson"}],"recId":"1656875934","disp":"Assessing the strategy relevance of delta requirements a bottom-up feature generation approach19th International Working Conference on Requirements Engineering","note":["Gesehen am 13.05.2015"],"titleAlt":[{"title":"REFSQ 2013"},{"title":"Nineteenth International Working Conference on Requirements Engineering: Foundation for Software Quality"}],"physDesc":[{"extent":"Online-Ressource (284 S.)"}],"language":["eng"],"part":{"text":"(2013), Seite 93-98","year":"2013","extent":"6","pages":"93-98"},"relMultPart":[{"disp":"ICB research report","title":[{"title":"ICB research report","title_sort":"ICB research report"}],"dispAlt":"Universität Duisburg-Essen / Institut für Informatik und Wirtschaftsinformatik: ICB research report","origin":[{"dateIssuedKey":"2005","publisher":"ICB","dateIssuedDisp":"2005-","publisherPlace":"Essen"}],"name":{"displayForm":["ICB, Institut für Informatik und Wirtschaftsinformatik ; Universität Duisburg-Essen"]},"type":{"bibl":"serial"},"id":{"eki":["563165995"],"issn":["1860-2770"],"zdb":["2421032-8"]},"recId":"563165995","part":{"number_sort":["56"],"number":["56"]},"titleAlt":[{"title":"ICB research reports"},{"title":"Forschungsberichte des Instituts für Informatik und Wirtschaftsinformatik"}],"corporate":[{"role":"aut","display":"Universität Duisburg-Essen"}],"physDesc":[{"noteFormat":"30 cm"}],"language":["ger","eng"],"pubHistory":["1.2005 -"]}]}],"title":[{"subtitle":"a bottom-up feature generation approach","title_sort":"Assessing the strategy relevance of delta requirements","title":"Assessing the strategy relevance of delta requirements"}],"id":{"eki":["1502846721"]},"person":[{"given":"Gabriele","display":"Zorn-Pauli, Gabriele","family":"Zorn-Pauli","role":"aut"},{"family":"Paech","role":"aut","display":"Paech, Barbara","given":"Barbara"}],"recId":"1502846721","name":{"displayForm":["Gabriele Zorn-Pauli; Barbara Paech"]},"type":{"bibl":"chapter","media":"Online-Ressource"},"note":["Gesehen am 13.05.2015"],"language":["eng"],"physDesc":[{"extent":"6 S."}]} | ||
| SRT | |a ZORNPAULIGASSESSINGT2013 | ||